[Event "FIDE World Cup 2021"]
[Site "Krasnaya Polyana (Sochi) RUS"]
[Date "2021.07.12"]
[EventDate "2021.07.12"]
[Round "1.1"]
[Result "0-1"]
[White "Noaman Omar"]
[Black "Mustafa Yilmaz"]
[WhiteElo "2367"]
[BlackElo "2630"]
[PlyCount "44"]

1. d4 Nf6 2. Nc3 d5 3. Bf4 e6 4. e3 Bb4 5. Ne2 O-O 6. g4 Nxg4 7. Rg1 Nf6 8. Bh6
Ne8 9. Qd3 c5 10. dxc5 Bxc5 11. O-O-O Nd7 12. e4 Kh8 13. Bg5 f6 14. exd5 Ne5 15.
Qg3 fxg5 16. Qxe5 Rf5 17. Qe4 Nf6 18. Qc4 Bxf2 19. dxe6 Qe7 20. Bh3 Bxe6 21. Qd3
Re5 22. Bxe6 Bxg1 0-1

[Event "FIDE World Cup 2021"]
[Site "Krasnaya Polyana (Sochi) RUS"]
[Date "2021.07.12"]
[EventDate "2021.07.12"]
[Round "1.1"]
[Result "1/2-1/2"]
[White "Asyl Abdyjapar"]
[Black "Benjamin Bok"]
[WhiteElo "2403"]
[BlackElo "2624"]
[PlyCount "129"]

1. c4 e5 2. g3 c6 3. Nf3 e4 4. Nd4 d5 5. cxd5 Qxd5 6. Nc2 Nf6 7. Nc3 Qe5 8. Bg2
Na6 9. Ne3 Bc5 10. a3 O-O 11. Qc2 Re8 12. b4 Bd4 13. Bb2 Bd7 14. Rb1 c5 15. b5
Nc7 16. a4 Rad8 17. O-O Bc8 18. a5 Ne6 19. h4 g5 20. h5 Nf4 21. gxf4 gxf4 22.
Nxe4 Nxe4 23. Qxe4 Qxe4 24. Bxe4 Rxe4 25. d3 Re5 26. Bxd4 Rxd4 27. Ng2 f3 28.
exf3 Rg5 29. Kh2 Rxh5+ 30. Kg1 Bh3 31. f4 Rh6 32. b6 axb6 33. Rxb6 Rxb6 34. axb6
Rd6 35. Kh2 Bxg2 36. Kxg2 Rxb6 37. Rc1 Rc6 38. Kf3 Kf8 39. Ke4 b6 40. d4 Re6+
41. Kd5 cxd4 42. Kxd4 Kg7 43. f5 Re8 44. Rb1 h5 45. Rxb6 h4 46. Kd3 h3 47. Rb1
Kf6 48. Rh1 Rh8 49. Ke4 Kg5 50. Kf3 Kh4 51. Rc1 Rg8 52. Rc4+ Kh5 53. Rc1 Kh4 54.
Rc4+ Kh5 55. Rc1 f6 56. Rb1 Kh4 57. Rb4+ Kh5 58. Rb1 Rg5 59. Rc1 Rxf5+ 60. Kg3
Kg6 61. Rh1 Rg5+ 62. Kxh3 Kf5 63. Re1 Kf4 64. Re3 f5 65. Rg3 1/2-1/2

[Event "FIDE World Cup 2021"]
[Site "Krasnaya Polyana (Sochi) RUS"]
[Date "2021.07.12"]
[EventDate "2021.07.12"]
[Round "1.1"]
[Result "1/2-1/2"]
[White "Volodar Murzin"]
[Black "Viorel Iordachescu"]
[WhiteElo "2502"]
[BlackElo "2589"]
[PlyCount "138"]

1. d4 d5 2. Nf3 e6 3. Bf4 c5 4. e3 cxd4 5. exd4 Nc6 6. Nbd2 f6 7. c3 g5 8. Be3
Nge7 9. Bd3 Bg7 10. h4 g4 11. Ng1 e5 12. Ne2 O-O 13. Qb1 h6 14. O-O Be6 15. Nb3
b6 16. Qc1 e4 17. Bb5 Kh7 18. Ng3 Qe8 19. Qd2 Bd7 20. Nc1 Ng6 21. h5 Nh4 22.
Nce2 Ne7 23. Bxd7 Qxd7 24. a4 Rf7 25. Rfc1 Rg8 26. c4 Bf8 27. Qc2 Nhf5 28. Nf4
Nxg3 29. fxg3 dxc4 30. Qxe4+ Qf5 31. Qb7 Qc8 32. Qxc8 Nxc8 33. Rxc4 Nd6 34. Rc6
Nf5 35. Bf2 Bd6 36. Nd5 Rg5 37. Re1 Kg7 38. Re6 Bxg3 39. Bxg3 Nxg3 40. Nxf6 Nf5
41. Ne4 Rxh5 42. Rg6+ Kh7 43. Rxg4 Ne3 44. Rc7 Rf5 45. Rxf7+ Rxf7 46. Rg3 Rf1+
47. Kh2 Nd5 48. Nc3 Nf6 49. d5 h5 50. Rd3 Kg6 51. d6 Nd7 52. Nb5 Rf4 53. b3 a6
54. Nc7 a5 55. Nd5 Re4 56. Nxb6 Nxb6 57. d7 Nxd7 58. Rxd7 Re3 59. Rd6+ Kg5 60.
Rd5+ Kg4 61. Rxa5 Rxb3 62. Rb5 Ra3 63. Rb4+ Kg5 64. g3 Ra1 65. Kg2 Kf5 66. Kh3
Rh1+ 67. Kg2 Ra1 68. Kf3 Ra3+ 69. Kg2 Ke5 1/2-1/2

[Event "FIDE World Cup 2021"]
[Site "Krasnaya Polyana (Sochi) RUS"]
[Date "2021.07.13"]
[EventDate "2021.07.12"]
[Round "1.2"]
[Result "0-1"]
[White "Karolis Juksta"]
[Black "Arik Braun"]
[WhiteElo "2438"]
[BlackElo "2609"]
[PlyCount "98"]

1. d4 Nf6 2. c4 e6 3. Nc3 Bb4 4. e3 O-O 5. Ne2 Re8 6. a3 Bf8 7. Ng3 d5 8.
Be2 b6 9. cxd5 exd5 10. O-O Bb7 11. b4 Nbd7 12. Qb3 c6 13. Bf3 a5 14. b5 c5
15. Nxd5 a4 16. Qa2 Bxd5 17. Bxd5 Nxd5 18. Qxd5 cxd4 19. Qxd4 Nc5 20. Qg4
Qf6 21. Ra2 Nb3 22. Bb2 Qg6 23. Qxg6 hxg6 24. Ne2 Ra5 25. Nd4 Nxd4 26. Bxd4
Rxb5 27. Rc1 Rc8 28. Rca1 Rb3 29. Kf1 b5 30. h4 Rc4 31. Ke2 f6 32. g3 Kf7
33. Kd1 Ke6 34. Ke2 Bd6 35. Kd2 Kf5 36. Ke2 Kg4 37. Bb6 Be5 38. Rd1 Rb2+
39. Rxb2 Bxb2 40. e4 Bxa3 41. f3+ Kxg3 42. Bf2+ Kg2 43. Rg1+ Kh2 44. Rxg6
Bf8 45. h5 a3 46. Rg4 Rc2+ 47. Kf1 Rxf2+ 48. Kxf2 Bc5+ 49. Kf1 Kh3 0-1

[Event "FIDE World Cup 2021"]
[Site "Krasnaya Polyana (Sochi) RUS"]
[Date "2021.07.13"]
[EventDate "2021.07.12"]
[Round "1.2"]
[Result "1/2-1/2"]
[White "Rudik Makarian"]
[Black "Kacper Piorun"]
[WhiteElo "2465"]
[BlackElo "2608"]
[PlyCount "66"]

1. d4 d5 2. c4 dxc4 3. e4 e5 4. Nf3 Bb4+ 5. Bd2 Bxd2+ 6. Qxd2 exd4 7. Nxd4
Ne7 8. Nc3 a6 9. O-O-O c5 10. Nf5 Qxd2+ 11. Rxd2 Nxf5 12. exf5 O-O 13. g4
b5 14. Bg2 Ra7 15. Re1 Rd7 16. Bd5 Bb7 17. Bxb7 Rxb7 18. Rd6 Rc8 19. Red1
Kf8 20. Ne4 Re7 21. f3 Nc6 22. g5 Nd4 23. f6 gxf6 24. gxf6 Re6 25. Rd7 Rcc6
26. Rd5 Nxf3 27. Nxc5 Re8 28. Rh5 Kg8 29. Rf5 h6 30. Nd7 Re1 31. Rd5 Rxd1+
32. Rxd1 Re6 33. Kc2 b4 1/2-1/2

[Event "FIDE World Cup 2021"]
[Site "Krasnaya Polyana (Sochi) RUS"]
[Date "2021.07.13"]
[EventDate "2021.07.12"]
[Round "1.2"]
[Result "1/2-1/2"]
[White "Sebastian Bogner"]
[Black "P Iniyan"]
[WhiteElo "2581"]
[BlackElo "2506"]
[PlyCount "86"]

1. e4 e5 2. Nf3 Nc6 3. Bb5 a6 4. Ba4 d6 5. O-O Bd7 6. Re1 g6 7. d4 Bg7 8.
dxe5 Nxe5 9. Bb3 Bg4 10. Nbd2 Bh6 11. Nxe5 Bxd1 12. Nxf7 Qf6 13. Rxd1 Bf4
14. e5 Bxe5 15. Ne4 Qh4 16. Ng3 Qf6 17. Ne4 Qh4 18. Ng3 Qf6 19. c3 Qg7 20.
Ne4 h6 21. Re1 Ne7 22. f4 Bf6 23. Nxf6+ Qxf6 24. Nxh8 Qxh8 25. f5 Kd7 26.
Be6+ Kc6 27. fxg6 Nxg6 28. Be3 Qf6 29. Bd4 Ne5 30. Bb3 Qg5 31. Rf1 Nd3 32.
Kh1 Nf4 33. Rf2 Re8 34. Raf1 Nd3 35. Rf5 Re1 36. Bd5+ Kd7 37. Rf7+ Ke8 38.
Rf8+ Kd7 39. Rf7+ Ke8 40. Bxb7 Qb5 41. Rf8+ Ke7 42. Rf7+ Ke8 43. Rf8+
1/2-1/2

[Event "FIDE World Cup 2021"]
[Site "Krasnaya Polyana (Sochi) RUS"]
[Date "2021.07.14"]
[EventDate "2021.07.12"]
[Round "1.3"]
[Result "1/2-1/2"]
[White "Abdelrahman Hesham"]
[Black "Ahmed Adly"]
[WhiteElo "2397"]
[BlackElo "2625"]
[PlyCount "146"]

1. d4 Nf6 2. c4 e6 3. Nf3 Bb4+ 4. Nbd2 O-O 5. a3 Be7 6. e4 d6 7. b4 e5 8. Bb2
exd4 9. Nxd4 Re8 10. Be2 Bf8 11. f3 Nh5 12. O-O Nf4 13. g3 Nxe2+ 14. Qxe2 c5 15.
Nc2 d5 16. cxd5 Qxd5 17. Ne3 Qd8 18. b5 a6 19. a4 Bd7 20. Rfd1 axb5 21. axb5
Rxa1 22. Bxa1 Qa5 23. Rb1 Qa2 24. Bc3 f6 25. Qc4+ Qxc4 26. Ndxc4 Be6 27. Na5 b6
28. Nac4 Nd7 29. Ra1 Rd8 30. Kf2 Ne5 31. Bxe5 fxe5 32. Ke2 Rd4 33. Rc1 Be7 34.
Nxb6 Bg5 35. Rxc5 Rb4 36. Nbd5 Rb2+ 37. Kd3 Rb3+ 38. Rc3 Rxb5 39. Nc7 Rb6 40.
Nxe6 Rxe6 41. Rc8+ Kf7 42. Nc4 Re7 43. Rc6 Rd7+ 44. Rd6 Re7 45. Nb6 Re8 46. Rd7+
Kg6 47. Nc4 h5 48. Rd6+ Kh7 49. Rd5 Bf6 50. f4 exf4 51. gxf4 Kg6 52. Rd6 Kf7 53.
Rd7+ Kg6 54. e5 Bh4 55. Ke4 Rc8 56. f5+ Kh6 57. Nd6 Rc1 58. f6 Re1+ 59. Kf5 gxf6
60. Nf7+ Kg7 61. Ng5+ Kf8 62. exf6 Bxg5 63. Kxg5 Rg1+ 64. Kxh5 Rf1 65. Kg5 Rg1+
66. Kh5 Rf1 67. Rd6 Kf7 68. h4 Rxf6 69. Rd7+ Kg8 70. Kg5 Ra6 71. h5 Ra5+ 72. Kg6
Ra6+ 73. Kg5 1/2-1/2

[Event "FIDE World Cup 2021"]
[Site "Krasnaya Polyana (Sochi) RUS"]
[Date "2021.07.14"]
[EventDate "2021.07.12"]
[Round "1.3"]
[Result "0-1"]
[White "Chitumbo Mwali"]
[Black "Haik M Martirosyan"]
[WhiteElo "2281"]
[BlackElo "2632"]
[PlyCount "56"]

1. c4 e5 2. g3 Nf6 3. Bg2 d5 4. cxd5 Nxd5 5. Nf3 Nc6 6. O-O Nb6 7. d3 Be7 8. a3
Be6 9. Nbd2 f6 10. b3 Qd7 11. Re1 Bh3 12. Bh1 h5 13. Ne4 g5 14. Bb2 O-O-O 15. b4
a6 16. Rc1 h4 17. Nc5 Bxc5 18. Rxc5 hxg3 19. fxg3 Be6 20. Qc2 Kb8 21. Bc3 Nd5
22. Bd2 g4 23. Nh4 Nd4 24. Qd1 Nf4 25. gxf4 Rxh4 26. fxe5 g3 27. hxg3 Qg7 28.
Kf2 Rg8 0-1

[Event "FIDE World Cup 2021"]
[Site "Krasnaya Polyana (Sochi) RUS"]
[Date "2021.07.14"]
[EventDate "2021.07.12"]
[Round "1.3"]
[Result "0-1"]
[White "Asyl Abdyjapar"]
[Black "Benjamin Bok"]
[WhiteElo "2403"]
[BlackElo "2624"]
[PlyCount "76"]

1. d4 Nf6 2. c4 e6 3. Nf3 b6 4. a3 Bb7 5. Nc3 d5 6. cxd5 Nxd5 7. Qc2 Nxc3 8.
bxc3 c5 9. e4 Nd7 10. Bd3 Qc7 11. O-O cxd4 12. cxd4 Qxc2 13. Bxc2 Be7 14. Bb2
O-O 15. Rfe1 Rac8 16. Bd3 Rfd8 17. Rad1 a6 18. Nd2 b5 19. Nb3 Nb6 20. Na5 Ba8
21. Rc1 Na4 22. Rxc8 Rxc8 23. Bc1 Rc3 24. Bb1 Bd8 25. Bd2 Bxa5 26. Bxc3 Nxc3 27.
Bd3 Kf8 28. Rc1 Ke7 29. Kf1 Nxe4 30. Rc8 Bd5 31. Rh8 h6 32. Rg8 g6 33. Rh8 h5
34. f3 Nd6 35. h4 Bb6 36. Rh7 Kf8 37. Rh8+ Kg7 38. Rb8 Bc7 0-1

[Event "FIDE World Cup 2021"]
[Site "Krasnaya Polyana (Sochi) RUS"]
[Date "2021.07.14"]
[EventDate "2021.07.12"]
[Round "1.3"]
[Result "1/2-1/2"]
[White "Delgado Ramirez, Neuris"]
[Black "Niaz Murshed"]
[WhiteElo "2622"]
[BlackElo "2404"]
[PlyCount "120"]

1. e4 d6 2. d4 Nf6 3. Nc3 e5 4. Nge2 Nc6 5. h3 g6 6. Bg5 h6 7. Be3 Bg7 8. Qd2 a6
9. g4 h5 10. g5 Nd7 11. h4 O-O 12. d5 Ncb8 13. Ng3 b5 14. Bg2 Nb6 15. b3 Bd7 16.
O-O a5 17. Nce2 a4 18. Rad1 Na6 19. f4 exf4 20. Rxf4 Bg4 21. Bf3 Bxf3 22. Rxf3
Nd7 23. Nd4 Ne5 24. Rf4 axb3 25. axb3 Qd7 26. Kg2 Ng4 27. Bg1 Nc5 28. Nc6 Ne5
29. Nb4 f6 30. Rdf1 fxg5 31. Rxf8+ Rxf8 32. Rxf8+ Kxf8 33. Qxg5 Kg8 34. Nc6 Qg4
35. Qxg4 hxg4 36. Na7 b4 37. Nb5 Na6 38. Ne2 Nf3 39. Bf2 Nd2 40. Nf4 Kf7 41. Ne6
Nxe4 42. Nbxc7 Nxc7 43. Nxc7 Bc3 44. Nb5 Bd2 45. Bg3 Ke7 46. Kh2 Be3 47. Be1 Bc5
48. Kg2 Kd7 49. c3 bxc3 50. Nxc3 Nf6 51. Na4 Nxd5 52. Kg3 Nf6 53. Nxc5+ dxc5 54.
Kf4 Ke6 55. Bf2 Kd5 56. Bg1 Ne4 57. Kxg4 c4 58. bxc4+ Kxc4 59. h5 gxh5+ 60. Kxh5 1/2-1/2

[Event "FIDE World Cup 2021"]
[Site "Krasnaya Polyana (Sochi) RUS"]
[Date "2021.07.14"]
[EventDate "2021.07.12"]
[Round "1.3"]
[Result "0-1"]
[White "Valderrama Quiceno, Esteban Alb"]
[Black "Varuzhan Akobian"]
[WhiteElo "2430"]
[BlackElo "2614"]
[PlyCount "108"]

1. Nf3 d5 2. g3 c6 3. Bg2 Bg4 4. O-O Nd7 5. h3 Bh5 6. d3 e6 7. e4 Bd6 8. Re1 Ne7
9. Nbd2 O-O 10. d4 b5 11. c3 a5 12. e5 Bc7 13. g4 Bg6 14. Nf1 c5 15. Ng3 c4 16.
h4 Ra6 17. h5 Bd3 18. h6 g6 19. Bg5 Qe8 20. Re3 f6 21. exf6 Nxf6 22. Ne5 Bxe5
23. Rxe5 Qf7 24. f3 Nc6 25. Re3 Raa8 26. Qd2 Rae8 27. Rae1 b4 28. Qd1 Qd7 29.
Ne2 bxc3 30. bxc3 e5 31. dxe5 Rxe5 32. Rxe5 Nxe5 33. Nd4 Qd6 34. Bf4 Nfd7 35.
Bh2 g5 36. Qd2 Qf6 37. Re3 Rb8 38. Qe1 Rb1 39. Qxb1 Bxb1 40. Re2 Bd3 41. Re3 Qd6
42. Bg3 Qa3 43. Bxe5 Nxe5 44. Rxe5 Qxc3 45. Rxg5+ Kf8 46. Rxd5 Qc1+ 47. Kf2 Qd2+
48. Kg3 c3 49. Ne6+ Ke7 50. Nf4 Qe1+ 51. Kh3 Bb1 52. Rc5 c2 53. Nd3 Qd2 54. Bf1
Qxh6+ 0-1

[Event "FIDE World Cup 2021"]
[Site "Krasnaya Polyana (Sochi) RUS"]
[Date "2021.07.14"]
[EventDate "2021.07.12"]
[Round "1.3"]
[Result "0-1"]
[White "Al Qudaimi, Basheer"]
[Black "M Amin Tabatabaei"]
[WhiteElo "2435"]
[BlackElo "2613"]
[PlyCount "92"]

1. e4 c6 2. d4 d5 3. e5 c5 4. dxc5 e6 5. Nf3 Bxc5 6. Bd3 Ne7 7. O-O Nbc6 8. Qe2
Ng6 9. Be3 Be7 10. Bd2 O-O 11. Nc3 d4 12. Nd1 f6 13. Bxg6 hxg6 14. c3 d3 15. Qe3
g5 16. h3 Qd5 17. Re1 Rd8 18. b3 Bc5 19. Qe4 Qxe4 20. Rxe4 Kf7 21. Nb2 b6 22.
Rae1 b5 23. exf6 gxf6 24. b4 Bb6 25. a4 a6 26. h4 g4 27. Rxg4 e5 28. Rg3 Bf5 29.
h5 Bh7 30. Nh4 Ne7 31. Rf3 e4 32. Rf4 Bc7 33. Rfxe4 Bxe4 34. Rxe4 Rd5 35. g4 Re5
36. Rxe5 fxe5 37. axb5 axb5 38. Bg5 e4 39. Bxe7 Kxe7 40. Nf5+ Kf6 41. Kg2 Bf4
42. h6 Kg6 43. c4 Ra2 44. Nd1 bxc4 45. Nc3 d2 46. Nd4 Ra3 0-1

[Event "FIDE World Cup 2021"]
[Site "Krasnaya Polyana (Sochi) RUS"]
[Date "2021.07.14"]
[EventDate "2021.07.12"]
[Round "1.3"]
[Result "1-0"]
[White "Ravi Haria"]
[Black "Vadim Zvjaginsev"]
[WhiteElo "2440"]
[BlackElo "2608"]
[PlyCount "126"]

1. e4 c5 2. Nf3 d6 3. Bb5+ Bd7 4. Bxd7+ Qxd7 5. c4 e5 6. Nc3 Be7 7. a3 a5 8. d3
Bd8 9. Rb1 Nc6 10. O-O Nge7 11. Nd5 O-O 12. Bd2 Nxd5 13. cxd5 Ne7 14. b4 cxb4
15. axb4 a4 16. d4 Ng6 17. dxe5 dxe5 18. Be3 f5 19. Nd2 f4 20. Bc5 Rf6 21. f3 b6
22. Bf2 b5 23. Rc1 Bb6 24. Nb1 Bxf2+ 25. Rxf2 Ne7 26. Na3 Nc8 27. Rfc2 Nd6 28.
Qd3 Ra7 29. Rc6 Rb7 30. Qc3 Qe7 31. Kf1 h6 32. Rc7 Rxc7 33. Qxc7 Rf7 34. Qxe7
Rxe7 35. Rc6 Rd7 36. Ke2 Kf8 37. Kd3 Ke7 38. Rb6 g5 39. Nxb5 Nxb5 40. Rxb5 Rc7
41. Rc5 Rb7 42. Kc3 h5 43. Rc6 g4 44. Re6+ Kd7 45. Rxe5 Rc7+ 46. Kb2 Rc4 47. Ka3
Rc2 48. Rxh5 Rxg2 49. fxg4 Re2 50. Rf5 Rxe4 51. Kxa4 Kd6 52. g5 Re5 53. Rxf4
Rxg5 54. Rd4 Rg2 55. h4 Rh2 56. Kb5 Ke5 57. Rd1 Kd6 58. Kb6 Rxh4 59. b5 Ra4 60.
Kb7 Rb4 61. b6 Kc5 62. Rc1+ Kxd5 63. Kc7 1-0

[Event "FIDE World Cup 2021"]
[Site "Krasnaya Polyana (Sochi) RUS"]
[Date "2021.07.14"]
[EventDate "2021.07.12"]
[Round "1.3"]
[Result "1-0"]
[White "Timur Gareyev"]
[Black "Jingyao Tin"]
[WhiteElo "2596"]
[BlackElo "2482"]
[PlyCount "124"]

1. Nf3 d5 2. d4 Nf6 3. c4 c6 4. Nc3 e6 5. Bg5 h6 6. Bh4 dxc4 7. e4 g5 8. Bg3 b5
9. Be2 Bb7 10. h4 g4 11. Ne5 Nbd7 12. Nxd7 Qxd7 13. Be5 Be7 14. Bxg4 Rg8 15. Bf3
a6 16. O-O h5 17. a4 Ng4 18. Bg3 Rd8 19. axb5 cxb5 20. d5 e5 21. Bxg4 Rxg4 22.
Bxe5 b4 23. f3 Rg8 24. Na4 Qh3 25. Qe2 Qxh4 26. Qf2 Qh3 27. Bh2 Bd6 28. e5 Bb8
29. Kh1 Qf5 30. d6 Bc6 31. Nc5 Bb5 32. Nxa6 c3 33. Rfe1 Bxa6 34. Rxa6 Kf8 35.
bxc3 bxc3 36. Rc6 Qd3 37. Qe2 Qd5 38. Rxc3 Rg6 39. Qe4 Qd2 40. Rc2 Qa5 41. Rb1
Kg7 42. Bg1 Qa6 43. Bd4 Kg8 44. Rcb2 Ba7 45. Bxa7 Qxa7 46. Rd1 Qa3 47. Rbd2 Rd7
48. Qf5 Qa4 49. Rd4 Qb5 50. Qxh5 Qe2 51. Rg1 Kg7 52. Rh4 Kf8 53. f4 Qf2 54. Qh8+
Rg8 55. Qh6+ Ke8 56. e6 Rxd6 57. exf7+ Kxf7 58. Qh5+ Ke7 59. Qe5+ Kf7 60. Rh7+
Kg6 61. Qh5+ Kf6 62. Qf7# 1-0

[Event "FIDE World Cup 2021"]
[Site "Krasnaya Polyana (Sochi) RUS"]
[Date "2021.07.14"]
[EventDate "2021.07.12"]
[Round "1.3"]
[Result "0-1"]
[White "Adham Fawzy"]
[Black "Evgeny Alekseev"]
[WhiteElo "2485"]
[BlackElo "2605"]
[PlyCount "84"]

1. e4 c6 2. d4 d5 3. Nc3 dxe4 4. Nxe4 Bf5 5. Ng3 Bg6 6. Nh3 Nf6 7. c3 Nbd7 8.
Bc4 e6 9. Nf4 Bd6 10. h4 Bxf4 11. Bxf4 h6 12. Qe2 Nb6 13. Bb3 a5 14. a3 O-O 15.
O-O a4 16. Ba2 Nfd5 17. Qg4 f5 18. Qf3 Qxh4 19. Bd6 Rfd8 20. Be5 Nd7 21. Rfe1
Re8 22. Nf1 b5 23. Rac1 Bh5 24. Qd3 Qg5 25. Bd6 N7b6 26. c4 bxc4 27. Bxc4 Rad8
28. Be5 Nd7 29. Bxd5 Nxe5 30. Rxe5 cxd5 31. Rce1 Bf7 32. Ne3 Rb8 33. Qc2 Rec8
34. Qd2 Rb3 35. Re2 Qd8 36. f4 Qc7 37. Nd1 Qc1 38. Qe1 Rd3 39. Nc3 Rcxc3 40.
bxc3 Rd1 41. Qxd1 Qxd1+ 42. Kh2 Qc1 0-1

[Event "FIDE World Cup 2021"]
[Site "Krasnaya Polyana (Sochi) RUS"]
[Date "2021.07.14"]
[EventDate "2021.07.12"]
[Round "1.3"]
[Result "1-0"]
[White "Hjorvar Steinn Gretarsson"]
[Black "Kirill Stupak"]
[WhiteElo "2603"]
[BlackElo "2485"]
[PlyCount "82"]

1. e4 e6 2. d4 d5 3. Nc3 Nf6 4. e5 Nfd7 5. f4 c5 6. Nf3 Nc6 7. Be3 a6 8. Ne2 Qb6
9. Qc1 Be7 10. c3 O-O 11. h4 cxd4 12. cxd4 Qa5+ 13. Kf2 Nb6 14. Bd2 Bb4 15. Nc3
Nc4 16. a3 Be7 17. Nxd5 Nxd2 18. Nxe7+ Nxe7 19. Qxd2 Qxd2+ 20. Nxd2 Rd8 21. Nf3
Bd7 22. Be2 Bc6 23. Rhd1 Rd7 24. Rac1 Rad8 25. g3 h5 26. b3 g6 27. a4 Nf5 28.
Rc3 Kf8 29. a5 Bxf3 30. Bxf3 Nxd4 31. Be4 Ke7 32. b4 Ke8 33. Rc4 Nb5 34. Rxd7
Rxd7 35. Rc8+ Ke7 36. Rb8 Rd2+ 37. Ke3 Rb2 38. Bxb7 Nc7 39. Bc6 Rb3+ 40. Kd2
Rxg3 41. Rc8 1-0

[Event "FIDE World Cup 2021"]
[Site "Krasnaya Polyana (Sochi) RUS"]
[Date "2021.07.14"]
[EventDate "2021.07.12"]
[Round "1.3"]
[Result "1-0"]
[White "Hovhannes Gabuzyan"]
[Black "Bilel Bellahcene"]
[WhiteElo "2587"]
[BlackElo "2497"]
[PlyCount "146"]

1. Nf3 Nf6 2. g3 c5 3. Bg2 Nc6 4. O-O e5 5. e4 d6 6. Re1 Be7 7. c3 O-O 8. h3 h6
9. d4 exd4 10. cxd4 d5 11. exd5 Nxd5 12. dxc5 Bxc5 13. a3 a5 14. Qc2 Qb6 15. Nc3
Nxc3 16. bxc3 Qc7 17. Nd4 Bd7 18. Be3 Rfe8 19. Rad1 Ne5 20. Qb3 a4 21. Qa2 Rad8
22. Bf4 Bd6 23. Bd5 Re7 24. c4 Rde8 25. Qa1 Qc5 26. Be3 Qc8 27. Nb5 Bb8 28. Na7
Bxa7 29. Bxa7 Bc6 30. Kg2 Nxc4 31. Rxe7 Rxe7 32. Qd4 Rd7 33. Qg4 Ne5 34. Qe4
Rxd5 35. Rxd5 Qe6 36. Rd8+ Be8 37. Bd4 f6 38. Bxe5 fxe5 39. Kg1 b5 40. Qd5 Qxd5
41. Rxd5 e4 42. Re5 Bc6 43. Kf1 Kf7 44. Ke2 Bd7 45. Ke3 Kf6 46. Kxe4 Bxh3 47.
Rxb5 Bd7 48. Rb6+ Kg5 49. Rd6 Be8 50. f3 h5 51. Rd5+ Kh6 52. Ke5 Kg6 53. Kd6 Kf6
54. Re5 Bf7 55. f4 g6 56. Kc5 Bb3 57. Kb4 Bc2 58. Ra5 Bd1 59. Rxa4 Bxa4 60. Kxa4
g5 61. fxg5+ Kxg5 62. Kb4 Kg4 63. a4 Kxg3 64. a5 h4 65. a6 h3 66. a7 Kf2 67.
a8=Q Kg1 68. Qa1+ Kg2 69. Qb2+ Kg1 70. Qc1+ Kg2 71. Qd2+ Kg1 72. Qd1+ Kg2 73.
Qg4+ 1-0

[Event "FIDE World Cup 2021"]
[Site "Krasnaya Polyana (Sochi) RUS"]
[Date "2021.07.14"]
[EventDate "2021.07.12"]
[Round "1.3"]
[Result "1/2-1/2"]
[White "Viorel Iordachescu"]
[Black "Volodar Murzin"]
[WhiteElo "2589"]
[BlackElo "2502"]
[PlyCount "84"]

1. e4 c6 2. d4 d5 3. e5 Bf5 4. Nf3 e6 5. Be2 Ne7 6. c3 h6 7. O-O Nd7 8. a4 a5 9.
Na3 Bg6 10. h3 c5 11. Nb5 Nc6 12. Ne1 Be7 13. Bd3 Bxd3 14. Nxd3 O-O 15. Qg4 Kh8
16. Be3 cxd4 17. cxd4 Rc8 18. Nf4 Nb4 19. Rac1 Rc6 20. Rc3 Rxc3 21. bxc3 Nc6 22.
Nh5 Rg8 23. f4 g6 24. Ng3 Nb6 25. Qd1 Nc4 26. Bc1 Qf8 27. Nh1 Nb8 28. Nf2 Nd7
29. Ng4 h5 30. Nh2 f5 31. Nf3 Qf7 32. g3 Nf8 33. Ng5 Bxg5 34. fxg5 Qe7 35. Qf3
Nh7 36. Qf4 Rf8 37. Rf2 Kg8 38. Kg2 Qd7 39. Qf3 Qe7 40. Qf4 Qd7 41. Qf3 Qe7 42.
Qf4 Qd7 1/2-1/2

[Event "FIDE World Cup 2021"]
[Site "Krasnaya Polyana (Sochi) RUS"]
[Date "2021.07.14"]
[EventDate "2021.07.12"]
[Round "1.3"]
[Result "1/2-1/2"]
[White "Alexandr Fier"]
[Black "Jergus Pechac"]
[WhiteElo "2569"]
[BlackElo "2523"]
[PlyCount "90"]

1. e4 e5 2. Nf3 Nc6 3. Bc4 Nf6 4. d3 Bc5 5. c3 a6 6. Bg5 h6 7. Bh4 Ba7 8. Nbd2
d6 9. a4 g5 10. Bg3 O-O 11. O-O Nh7 12. h3 Qf6 13. d4 h5 14. Kh1 h4 15. Bh2 g4
16. Ng1 exd4 17. hxg4 Ne5 18. g5 Qg7 19. Bb3 Ng4 20. f4 dxc3 21. bxc3 Kh8 22.
Ngf3 f6 23. gxf6 Rxf6 24. e5 Rf8 25. e6 d5 26. Qe1 Bxe6 27. Nxh4 Qh6 28. g3 Rae8
29. Ndf3 c6 30. Bc2 Ne3 31. Ng6+ Kg8 32. Nxf8 Nxc2 33. Qd2 Bf5 34. Nxh7 Qxh7 35.
Ng5 Qg6 36. Rae1 Nxe1 37. Rxe1 Bg4 38. Rxe8+ Qxe8 39. Bg1 Qh5+ 40. Kg2 Bxg1 41.
Kxg1 Bf3 42. Qh2 a5 43. Nxf3 Qxf3 44. Qh3 Qe3+ 45. Kg2 Qe2+ 1/2-1/2

[Event "FIDE World Cup 2021"]
[Site "Krasnaya Polyana (Sochi) RUS"]
[Date "2021.07.14"]
[EventDate "2021.07.12"]
[Round "1.3"]
[Result "1/2-1/2"]
[White "Gonzalez Zamora, Juan Carlos"]
[Black "Krikor Sevag Mekhitarian"]
[WhiteElo "2545"]
[BlackElo "2554"]
[PlyCount "62"]

1. c4 c5 2. Nf3 Nc6 3. Nc3 g6 4. g3 Bg7 5. Bg2 e6 6. O-O Nge7 7. e3 O-O 8. d4
cxd4 9. Nxd4 d5 10. cxd5 Nxd4 11. exd4 Nxd5 12. Nxd5 exd5 13. Be3 Be6 14. Qd2
Rc8 15. Rac1 Qd7 16. Rfe1 b6 17. h4 h5 18. a3 Qa4 19. Bf3 a5 20. Kh2 Qb3 21. Bd1
Qb5 22. Be2 Qb3 23. Ba6 Rxc1 24. Rxc1 Bf5 25. Rc3 Qa4 26. Be2 Re8 27. Rc7 Qb3
28. Bd1 Qb5 29. Be2 Qb3 30. Bd1 Qb5 31. Be2 1/2-1/2

[Event "FIDE World Cup 2021"]
[Site "Krasnaya Polyana (Sochi) RUS"]
[Date "2021.07.14"]
[EventDate "2021.07.12"]
[Round "1.3"]
[Result "1/2-1/2"]
[White "Momchil Nikolov"]
[Black "Perez Ponsa, Federico"]
[WhiteElo "2547"]
[BlackElo "2554"]
[PlyCount "54"]

1. d4 Nf6 2. c4 e6 3. Nc3 Bb4 4. Qc2 b6 5. e4 c5 6. d5 Qe7 7. Ne2 exd5 8. exd5
O-O 9. Bd2 d6 10. f3 Nbd7 11. O-O-O Re8 12. Ng3 Qd8 13. h3 a6 14. Nf5 Ne5 15. f4
Ng6 16. Bd3 b5 17. Rhe1 Bxf5 18. Bxf5 bxc4 19. Bxg6 hxg6 20. f5 gxf5 21. Bg5 Qa5
22. Bxf6 gxf6 23. Qf2 Bxc3 24. Qg3+ Kh7 25. Qh4+ Kg7 26. Qg3+ Kh7 27. Qh4+ Kg7 1/2-1/2

[Event "FIDE World Cup 2021"]
[Site "Krasnaya Polyana (Sochi) RUS"]
[Date "2021.07.14"]
[EventDate "2021.07.12"]
[Round "1.3"]
[Result "1-0"]
[White "Boris Savchenko"]
[Black "Nikita Afanasiev"]
[WhiteElo "2553"]
[BlackElo "2540"]
[PlyCount "82"]

1. Nf3 d5 2. g3 Nf6 3. Bg2 g6 4. O-O Bg7 5. d4 O-O 6. c4 c6 7. Qa4 dxc4 8. Qxc4
Qb6 9. Nc3 Bg4 10. h3 Bxf3 11. Bxf3 Rd8 12. Rd1 Qa6 13. Qb4 e6 14. e4 Nbd7 15.
Be3 Rac8 16. a4 Bf8 17. Qb3 Qb6 18. Qc2 Qa5 19. Be2 e5 20. Rab1 Re8 21. Kg2 Nb6
22. dxe5 Qxe5 23. Bd4 Qe6 24. a5 Nbd7 25. Bxa7 Ra8 26. Be3 Rxa5 27. b4 Ra3 28.
f3 Bg7 29. Bc1 Raa8 30. Qb3 b5 31. f4 Nb6 32. Qxe6 Rxe6 33. Bf3 Ne8 34. Ne2 Ra2
35. Rd8 Bf6 36. Rb8 Nd7 37. Rb7 Re7 38. e5 Nd6 39. exd6 Rexe2+ 40. Bxe2 Rxe2+
41. Kf3 1-0

[Event "FIDE World Cup 2021"]
[Site "Krasnaya Polyana (Sochi) RUS"]
[Date "2021.07.14"]
[EventDate "2021.07.12"]
[Round "1.3"]
[Result "1-0"]
[White "Bobby Cheng"]
[Black "Vahap Sanal"]
[WhiteElo "2552"]
[BlackElo "2556"]
[PlyCount "80"]

1. d4 Nf6 2. c4 e6 3. Nf3 Bb4+ 4. Nbd2 O-O 5. a3 Be7 6. e4 d6 7. Be2 Nfd7 8. O-O
e5 9. Nb1 exd4 10. Nxd4 Nc5 11. Nc3 a5 12. Be3 Bf6 13. Qc2 Nc6 14. Ndb5 Bxc3 15.
Nxc3 Re8 16. Rad1 b6 17. f4 Bb7 18. Bf3 Qc8 19. Rfe1 a4 20. Nd5 Na5 21. e5 dxe5
22. fxe5 Nc6 23. Bf4 Ne6 24. Bg4 Ne7 25. Rf1 Ng6 26. Bg3 b5 27. cxb5 Bxd5 28.
Rxd5 Qb7 29. Qc4 Qa7+ 30. Kh1 Re7 31. Rd3 Rf8 32. h4 Rb8 33. h5 Ngf8 34. Rd5 h6
35. Kh2 Nh7 36. Rxf7 Kxf7 37. Bxe6+ Ke8 38. Bf5 Ng5 39. Rd8+ Kxd8 40. Qd5+ 1-0